Regional governance and place-shaping (Record no. 81262)

MARC details
000 -LEADER
fixed length control field 00906cab a22002055a 4500
001 - CONTROL NUMBER
control field L146717
008 - FIXED-LENGTH DATA ELEMENTS--GENERAL INFORMATION
fixed length control field 090219s2009 xxko f 000 0 eng d
035 ## - SYSTEM CONTROL NUMBER
System control number (Sirsi) u146717
041 0# - LANGUAGE CODE
Language code of text/sound track or separate title eng
100 1# - MAIN ENTRY--PERSONAL NAME
Personal name Pugalis, Lee
245 00 - TITLE STATEMENT
Title Regional governance and place-shaping
Remainder of title an evolving tripartite relationship
260 ## - PUBLICATION, DISTRIBUTION, ETC.
Date of publication, distribution, etc. 2009
490 ## - SERIES STATEMENT
Series statement Town & Country Planning
Volume/sequential designation 78(1) January 2009, 38-41(4)
520 ## - SUMMARY, ETC.
Summary, etc. In this article the author looks at the origins and growth of the relationships between regional assemblies, regional development agencies and government offices at the regional level. The review is based around the political history of the UK and would be of interest to planners specialising in regional development.
590 ## - LOCAL NOTE (RLIN)
Local note KA
650 24 - SUBJECT ADDED ENTRY--TOPICAL TERM
Topical term or geographic name entry element REGIONAL DEVELOPMENT AGENCIES ACT 1998
651 #4 - SUBJECT ADDED ENTRY--GEOGRAPHIC NAME
Geographic name England and Wales
Chronological subdivision 1543-
690 ## - LOCAL SUBJECT ADDED ENTRY--TOPICAL TERM (OCLC, RLIN)
Topical term or geographic name as entry element Planning and development
9 (RLIN) 6259
942 ## - ADDED ENTRY ELEMENTS (KOHA)
Suppress in OPAC 0
Holdings
Withdrawn status Lost status Source of classification or shelving scheme Damaged status Not for loan Home library Current library Shelving location Date acquired Total Checkouts Full call number Barcode Date last seen Copy number Price effective from Koha item type
    Dewey Decimal Classification     London London Journal article 19/02/2009   L146717 146717-1001 06/08/2019 1 06/08/2019 Journal article